Normal view
MARC view
- Chien, Yi-Tzuu,
Entry Personal Name
001 - CONTROL NUMBER
- control field: 109119
003 - CONTROL NUMBER IDENTIFIER
- control field: NUST
005 - DATE AND TIME OF LATEST TRANSACTION
- control field: 20230216100304.0
008 - FIXED-LENGTH DATA ELEMENTS
- fixed length control field: 230216|| aca||aabn | a|a d
040 ## - CATALOGING SOURCE
- Original cataloging agency: NUST
- Transcribing agency: NUST
100 ## - HEADING--PERSONAL NAME
- Personal name: Chien, Yi-Tzuu,
- Dates associated with a name: 1938-
670 ## - SOURCE DATA FOUND
- Source citation: Work cat.: (NUST)175423: Knowledge-based systems :, 1991.
